000 00500nam a2200169Ia 4500
008 090201s9999 xx 000 0 und d
010 _aKPL-24162
040 _bमराठी
041 _aमराठी
082 _a43911
_b24162
100 _aशकुंतला गोगटे
245 _aचाहूल
_cशकुंतला गोगटे
260 _c2005
_bराजा प्रकाशन
300 _a124
_bमोठा
600 _aचाहूल
942 _cBOOK
999 _c240949
_d240949